[Event "World Chess Olympiad 2018"]
[Site "Batumi"]
[Date "2018.10.04"]
[Round "10"]
[Board "2"]
[WhiteFideId "2806851"]
[White "Rodshtein Maxim"]
[BlackFideId "13701525"]
[Black "Ismagambetov Anuar"]
[Result "1/2-1/2"]
[LiveChessVersion "1.4.8"]
[BlackElo "2538"]
[WhiteElo "2674"]

1. d4 {[%clk 1:30:56]} Nf6 {[%clk 1:30:35]} 2. c4 {[%clk 1:31:18]} e6
{[%clk 1:30:04]} 3. Nf3 {[%clk 1:31:20]} d5 {[%clk 1:29:22]} 4. g3
{[%clk 1:28:11]} Bb4+ {[%clk 1:27:26]} 5. Bd2 {[%clk 1:27:49]} Bd6
{[%clk 1:27:11]} 6. Nc3 {[%clk 1:25:03]} c6 {[%clk 1:25:55]} 7. Qc2
{[%clk 1:22:01]} Nbd7 {[%clk 1:21:41]} 8. e4 {[%clk 1:19:09]} dxe4
{[%clk 1:05:04]} 9. Nxe4 {[%clk 1:19:20]} Nxe4 {[%clk 1:01:35]} 10. Qxe4
{[%clk 1:19:45]} c5 {[%clk 1:01:59]} 11. Bg2 {[%clk 1:07:55]} Qc7
{[%clk 0:57:17]} 12. O-O {[%clk 1:00:52]} Nf6 {[%clk 0:54:19]} 13. Qe2
{[%clk 0:57:38]} O-O {[%clk 0:50:46]} 14. dxc5 {[%clk 0:53:19]} Bxc5
{[%clk 0:46:50]} 15. b4 {[%clk 0:52:44]} Be7 {[%clk 0:47:01]} 16. Rfd1
{[%clk 0:42:45]} Bd7 {[%clk 0:45:02]} 17. a4 {[%clk 0:36:01]} Rfd8
{[%clk 0:34:37]} 18. Bf4 {[%clk 0:25:37]} Qb6 {[%clk 0:30:34]} 19. Ne5
{[%clk 0:16:27]} Be8 {[%clk 0:27:36]} 20. b5 {[%clk 0:10:46]} Rxd1+
{[%clk 0:24:13]} 21. Rxd1 {[%clk 0:11:11]} Rc8 {[%clk 0:23:06]} 22. Qf3
{[%clk 0:06:47]} Rc7 {[%clk 0:23:13]} 23. g4 {[%clk 0:06:33]} h6 {[%clk 0:22:17]}
24. h4 {[%clk 0:06:59]} Nh7 {[%clk 0:18:45]} 25. Qg3 {[%clk 0:04:54]} g5
{[%clk 0:16:56]} 26. hxg5 {[%clk 0:05:03]} hxg5 {[%clk 0:17:23]} 27. Be3
{[%clk 0:04:35]} Qa5 {[%clk 0:16:52]} 28. Rb1 {[%clk 0:02:52]} Bf6
{[%clk 0:09:49]} 29. Bd4 {[%clk 0:00:41]} Qd2 {[%clk 0:04:46]} 30. Nf3
{[%clk 0:00:31]} Qf4 {[%clk 0:04:45]} 31. Qxf4 {[%clk 0:00:33]} gxf4
{[%clk 0:05:11]} 32. Rc1 {[%clk 0:00:48]} Bxd4 {[%clk 0:04:44]} 33. Nxd4 Nf6 34.
Ne2 {[%clk 0:00:32]} e5 {[%clk 0:04:22]} 35. c5 {[%clk 0:00:52]} Kf8
{[%clk 0:04:29]} 36. c6 {[%clk 0:00:37]} bxc6 {[%clk 0:04:53]} 37. bxc6
{[%clk 0:01:06]} f3 {[%clk 0:04:39]} 38. Bxf3 {[%clk 0:01:22]} e4
{[%clk 0:05:06]} 39. Bg2 {[%clk 0:01:39]} Rxc6 {[%clk 0:05:29]} 40. Rb1
{[%clk 0:30:38]} Rb6 {[%clk 0:34:25]} 41. Rxb6 {[%clk 0:23:54]} 1/2-1/2

[Event "World Chess Olympiad 2018"]
[Site "Batumi"]
[Date "2018.10.04"]
[Round "10"]
[Board "3"]
[WhiteFideId "13700316"]
[White "Kazhgaleyev Murtas"]
[BlackFideId "2802007"]
[Black "Sutovsky Emil"]
[Result "1-0"]
[LiveChessVersion "1.4.8"]
[BlackElo "2633"]
[WhiteElo "2582"]

1. e4 {[%clk 1:30:53]} c5 {[%clk 1:30:47]} 2. c3 {[%clk 1:31:13]} Nf6
{[%clk 1:30:45]} 3. e5 {[%clk 1:31:27]} Nd5 {[%clk 1:31:13]} 4. Nf3
{[%clk 1:31:49]} Nc6 {[%clk 1:31:09]} 5. Bc4 {[%clk 1:29:57]} Nb6
{[%clk 1:31:06]} 6. Bb3 {[%clk 1:30:03]} d5 {[%clk 1:31:31]} 7. exd6
{[%clk 1:30:21]} Qxd6 {[%clk 1:31:56]} 8. O-O {[%clk 1:30:30]} Be6
{[%clk 1:32:24]} 9. Bxe6 {[%clk 1:27:22]} Qxe6 {[%clk 1:32:50]} 10. a4
{[%clk 1:27:17]} Qd7 {[%clk 1:27:21]} 11. a5 {[%clk 1:22:23]} Nd5
{[%clk 1:27:45]} 12. a6 {[%clk 1:20:02]} b6 {[%clk 1:18:45]} 13. d4
{[%clk 1:19:09]} cxd4 {[%clk 1:14:23]} 14. Nxd4 {[%clk 1:19:19]} e6
{[%clk 1:12:46]} 15. Nb5 {[%clk 1:05:13]} Bc5 {[%clk 0:53:57]} 16. Nd2
{[%clk 0:56:17]} O-O {[%clk 0:46:35]} 17. Ne4 {[%clk 0:56:18]} Ne5
{[%clk 0:43:37]} 18. Qe2 {[%clk 0:53:18]} Be7 {[%clk 0:40:19]} 19. c4
{[%clk 0:48:50]} Nf6 {[%clk 0:38:00]} 20. Nec3 {[%clk 0:30:19]} Nd3
{[%clk 0:35:52]} 21. Bg5 {[%clk 0:27:27]} h6 {[%clk 0:30:54]} 22. Bxf6
{[%clk 0:22:27]} Bxf6 {[%clk 0:31:23]} 23. Rfd1 {[%clk 0:22:38]} Rfd8
{[%clk 0:31:48]} 24. Kf1 {[%clk 0:18:45]} Bxc3 {[%clk 0:31:02]} 25. bxc3
{[%clk 0:15:19]} e5 {[%clk 0:29:49]} 26. Qe4 {[%clk 0:12:51]} f5 {[%clk 0:26:20]}
27. Qd5+ {[%clk 0:13:11]} Qf7 {[%clk 0:25:39]} 28. Qxf7+ {[%clk 0:09:10]} Kxf7
{[%clk 0:26:04]} 29. Nc7 {[%clk 0:08:18]} Rac8 {[%clk 0:25:46]} 30. Nb5
{[%clk 0:08:42]} Ra8 {[%clk 0:22:42]} 31. Nc7 {[%clk 0:09:07]} Nb2
{[%clk 0:21:27]} 32. Re1 {[%clk 0:07:02]} Rac8 {[%clk 0:21:19]} 33. Nb5
{[%clk 0:07:27]} Nxc4 {[%clk 0:16:29]} 34. Nxa7 {[%clk 0:07:50]} Rc5
{[%clk 0:15:12]} 35. Red1 {[%clk 0:07:40]} Ra5 {[%clk 0:11:39]} 36. Re1
{[%clk 0:05:02]} Rc5 {[%clk 0:10:14]} 37. Red1 {[%clk 0:05:28]} Rxd1+
{[%clk 0:03:34]} 38. Rxd1 {[%clk 0:05:54]} Ra5 {[%clk 0:01:02]} 39. Rd7+
{[%clk 0:06:04]} Kf6 {[%clk 0:00:34]} 40. Rc7 {[%clk 0:35:38]} Ra1+
{[%clk 0:30:36]} 41. Ke2 {[%clk 0:34:33]} Ra2+ {[%clk 0:30:58]} 42. Kd3
{[%clk 0:28:06]} Nd6 {[%clk 0:20:00]} 43. Rc6 {[%clk 0:28:16]} e4+
{[%clk 0:19:26]} 44. Kd4 {[%clk 0:28:13]} Rd2+ {[%clk 0:14:33]} 45. Ke3
{[%clk 0:28:34]} Rd3+ {[%clk 0:15:02]} 46. Ke2 {[%clk 0:28:56]} Ke5
{[%clk 0:12:37]} 47. Nc8 {[%clk 0:26:07]} Nxc8 {[%clk 0:12:19]} 48. Rxc8
{[%clk 0:26:28]} Rd7 {[%clk 0:12:45]} 49. Rb8 {[%clk 0:25:43]} Kf4
{[%clk 0:09:07]} 50. Rxb6 {[%clk 0:22:22]} Rd5 {[%clk 0:09:31]} 51. g3+
{[%clk 0:20:25]} Kg5 {[%clk 0:09:47]} 52. Rb7 {[%clk 0:19:02]} Kf6
{[%clk 0:09:56]} 53. a7 {[%clk 0:14:25]} Ra5 {[%clk 0:10:23]} 54. c4
{[%clk 0:12:49]} g5 {[%clk 0:09:45]} 55. Ke3 {[%clk 0:12:38]} Ra4
{[%clk 0:08:47]} 56. Kd4 {[%clk 0:10:22]} h5 {[%clk 0:08:41]} 57. Kc5
{[%clk 0:09:04]} Ke5 {[%clk 0:05:40]} 58. Kb6 {[%clk 0:08:44]} 1-0

[Event "World Chess Olympiad 2018"]
[Site "Batumi"]
[Date "2018.10.04"]
[Round "10"]
[Board "4"]
[WhiteFideId "2801990"]
[White "Smirin Ilia"]
[BlackFideId "13707647"]
[Black "Makhnev Denis"]
[Result "1/2-1/2"]
[LiveChessVersion "1.4.8"]
[BlackElo "2449"]
[WhiteElo "2594"]

1. c4 {[%clk 1:30:56]} e5 {[%clk 1:30:41]} 2. Nc3 {[%clk 1:31:12]} Nf6
{[%clk 1:31:04]} 3. Nf3 {[%clk 1:31:22]} Nc6 {[%clk 1:31:23]} 4. e3
{[%clk 1:31:39]} Be7 {[%clk 1:27:19]} 5. d4 {[%clk 1:27:07]} exd4
{[%clk 1:27:44]} 6. Nxd4 {[%clk 1:24:23]} O-O {[%clk 1:26:55]} 7. Be2
{[%clk 1:14:16]} Bb4 {[%clk 1:21:20]} 8. O-O {[%clk 1:12:34]} Bxc3
{[%clk 1:05:27]} 9. bxc3 {[%clk 1:12:52]} Ne5 {[%clk 1:05:48]} 10. f3
{[%clk 1:06:01]} c5 11. Nb5 {[%clk 1:03:55]} d5 {[%clk 0:54:32]} 12. cxd5
{[%clk 1:03:23]} a6 {[%clk 0:54:39]} 13. Na3 {[%clk 1:03:03]} Nxd5
{[%clk 0:53:32]} 14. Qb3 {[%clk 1:00:51]} Be6 {[%clk 0:44:26]} 15. c4
{[%clk 0:52:40]} Nb4 {[%clk 0:44:49]} 16. Rd1 {[%clk 0:46:18]} Qe7
{[%clk 0:43:56]} 17. Bb2 {[%clk 0:46:31]} f6 {[%clk 0:42:05]} 18. Nb1
{[%clk 0:31:43]} Rad8 {[%clk 0:31:45]} 19. Nd2 {[%clk 0:30:37]} Bf7
{[%clk 0:25:09]} 20. Nf1 {[%clk 0:18:25]} b5 {[%clk 0:22:36]} 21. Bxe5
{[%clk 0:18:13]} Qxe5 {[%clk 0:23:03]} 22. Rdc1 {[%clk 0:14:24]} Nc6
{[%clk 0:21:07]} 23. Qa3 {[%clk 0:14:01]} bxc4 {[%clk 0:21:07]} 24. Qc3
{[%clk 0:14:11]} Qxc3 {[%clk 0:20:42]} 25. Rxc3 {[%clk 0:14:38]} Ne5
{[%clk 0:21:07]} 26. e4 {[%clk 0:13:29]} Rb8 {[%clk 0:17:26]} 27. Ne3
{[%clk 0:12:42]} Rb2 {[%clk 0:17:45]} 28. Bf1 {[%clk 0:09:13]} Rfb8
{[%clk 0:14:43]} 29. f4 {[%clk 0:08:48]} Nd3 {[%clk 0:14:01]} 30. Nxc4
{[%clk 0:09:05]} Bxc4 {[%clk 0:10:06]} 31. Rxc4 {[%clk 0:07:09]} 1/2-1/2

[Event "World Chess Olympiad 2018"]
[Site "Batumi"]
[Date "2018.10.04"]
[Round "10"]
[Board "1"]
[WhiteFideId "309095"]
[White "Navara David"]
[BlackFideId "2285525"]
[Black "Anton Guijarro David"]
[Result "1/2-1/2"]
[LiveChessVersion "1.4.8"]
[BlackElo "2639"]
[WhiteElo "2740"]

1. e4 {[%clk 1:30:58]} e5 {[%clk 1:30:45]} 2. Nf3 {[%clk 1:31:24]} Nc6
{[%clk 1:31:06]} 3. Bb5 {[%clk 1:31:49]} a6 {[%clk 1:31:19]} 4. Ba4
{[%clk 1:32:15]} Nf6 {[%clk 1:31:41]} 5. O-O {[%clk 1:32:40]} Nxe4
{[%clk 1:31:41]} 6. d4 {[%clk 1:32:55]} b5 {[%clk 1:32:04]} 7. Bb3
{[%clk 1:33:19]} d5 {[%clk 1:32:27]} 8. dxe5 {[%clk 1:33:43]} Be6
{[%clk 1:32:50]} 9. Nbd2 {[%clk 1:34:07]} Be7 {[%clk 1:32:37]} 10. c3
{[%clk 1:34:21]} O-O {[%clk 1:32:04]} 11. Bc2 {[%clk 1:34:32]} f5
{[%clk 1:32:27]} 12. Nb3 {[%clk 1:34:49]} Qd7 {[%clk 1:32:28]} 13. Re1
{[%clk 1:35:07]} Rad8 {[%clk 1:27:52]} 14. Qe2 {[%clk 1:30:21]} Bf7
{[%clk 1:13:46]} 15. a4 {[%clk 1:30:35]} Bh5 {[%clk 1:02:33]} 16. axb5
{[%clk 1:31:00]} axb5 {[%clk 1:02:59]} 17. e6 {[%clk 1:31:22]} Qe8
{[%clk 0:57:29]} 18. Qf1 {[%clk 1:31:20]} Qg6 {[%clk 0:40:14]} 19. Nbd4
{[%clk 1:24:33]} Nxd4 {[%clk 0:36:03]} 20. Nxd4 {[%clk 1:24:54]} Bh4
{[%clk 0:33:45]} 21. e7 {[%clk 1:11:30]} Bxe7 {[%clk 0:33:01]} 22. Qxb5
{[%clk 1:11:43]} Bh4 {[%clk 0:30:40]} 23. Rf1 {[%clk 1:12:09]} c5
{[%clk 0:28:24]} 24. Bxe4 {[%clk 1:12:35]} fxe4 {[%clk 0:24:12]} 25. Qxc5
{[%clk 1:12:58]} Bf3 {[%clk 0:16:14]} 26. g3 {[%clk 1:13:24]} Qg4
{[%clk 0:14:20]} 27. Nxf3 {[%clk 1:13:34]} exf3 {[%clk 0:14:40]} 28. Kh1
{[%clk 1:13:57]} Rf5 {[%clk 0:14:02]} 29. Qc6 {[%clk 1:00:46]} h6
{[%clk 0:02:59]} 30. Ra4 {[%clk 0:51:06]} d4 {[%clk 0:03:20]} 31. Qe6+
{[%clk 0:49:42]} Kh7 {[%clk 0:03:42]} 32. Rxd4 {[%clk 0:28:09]} Rxd4
{[%clk 0:04:00]} 33. cxd4 {[%clk 0:28:34]} Bf6 {[%clk 0:02:56]} 34. d5
{[%clk 0:26:21]} Bd4 {[%clk 0:02:17]} 35. Be3 {[%clk 0:19:05]} Qh3
{[%clk 0:02:05]} 36. Rg1 {[%clk 0:19:30]} Bxe3 {[%clk 0:02:23]} 37. g4
{[%clk 0:19:56]} Rf4 {[%clk 0:01:57]} 38. Qxe3 {[%clk 0:20:16]} Rxg4
{[%clk 0:01:58]} 39. Qe1 {[%clk 0:19:59]} Rg2 {[%clk 0:00:54]} 40. Qe4+
{[%clk 0:50:22]} Kh8 {[%clk 0:31:13]} 41. Qe8+ {[%clk 0:50:43]} Kh7
{[%clk 0:31:40]} 42. Qe4+ {[%clk 0:51:05]} Kh8 {[%clk 0:32:04]} 43. Qe8+
{[%clk 0:51:31]} 1/2-1/2

[Event "World Chess Olympiad 2018"]
[Site "Batumi"]
[Date "2018.10.04"]
[Round "10"]
[Board "2"]
[WhiteFideId "2210622"]
[White "Perez Candelario Manuel"]
[BlackFideId "316385"]
[Black "Laznicka Viktor"]
[Result "1-0"]
[LiveChessVersion "1.4.8"]
[BlackElo "2662"]
[WhiteElo "2590"]

1. e4 {[%clk 1:30:58]} e5 {[%clk 1:30:56]} 2. Nf3 {[%clk 1:31:23]} Nc6
{[%clk 1:31:23]} 3. Bc4 {[%clk 1:31:50]} Bc5 {[%clk 1:31:47]} 4. c3
{[%clk 1:32:16]} Nf6 {[%clk 1:32:12]} 5. d4 {[%clk 1:32:37]} exd4
{[%clk 1:32:36]} 6. e5 {[%clk 1:33:01]} d5 {[%clk 1:32:50]} 7. Bb5
{[%clk 1:33:25]} Ne4 {[%clk 1:33:12]} 8. cxd4 {[%clk 1:33:49]} Bb6
{[%clk 1:32:32]} 9. Nc3 {[%clk 1:34:08]} O-O {[%clk 1:32:44]} 10. Be3
{[%clk 1:34:26]} Bg4 {[%clk 1:31:47]} 11. h3 {[%clk 1:34:41]} Bh5
{[%clk 1:32:00]} 12. Qc2 {[%clk 1:34:52]} Bg6 {[%clk 1:31:53]} 13. Qb3
{[%clk 1:34:36]} Ne7 {[%clk 1:29:00]} 14. Nh4 {[%clk 1:33:40]} c5
{[%clk 0:54:14]} 15. Nxg6 {[%clk 1:31:24]} Nxg6 {[%clk 0:49:22]} 16. Nxe4
{[%clk 1:07:19]} dxe4 {[%clk 0:45:56]} 17. dxc5 {[%clk 1:07:43]} Ba5+
{[%clk 0:45:51]} 18. Ke2 {[%clk 1:05:13]} Nxe5 {[%clk 0:44:19]} 19. Rad1
{[%clk 0:58:20]} Qe7 {[%clk 0:41:40]} 20. Rd5 {[%clk 0:50:10]} a6
{[%clk 0:21:51]} 21. Bc4 {[%clk 0:49:20]} Rac8 {[%clk 0:21:30]} 22. Rc1
{[%clk 0:46:50]} Kh8 {[%clk 0:21:33]} 23. Kf1 {[%clk 0:39:23]} f5
{[%clk 0:11:16]} 24. Bf4 {[%clk 0:31:08]} Nxc4 {[%clk 0:11:28]} 25. Rxc4
{[%clk 0:30:23]} Bc7 {[%clk 0:05:29]} 26. Qxb7 {[%clk 0:17:51]} Qe6
{[%clk 0:05:56]} 27. Bxc7 {[%clk 0:13:27]} Rxc7 {[%clk 0:06:22]} 28. Qxc7
{[%clk 0:13:52]} Qxd5 {[%clk 0:06:49]} 29. Rc1 {[%clk 0:14:14]} Qd2
{[%clk 0:07:15]} 30. Re1 {[%clk 0:14:28]} Qxb2 {[%clk 0:07:26]} 31. Qd6
{[%clk 0:11:35]} Qb5+ {[%clk 0:01:37]} 32. Kg1 {[%clk 0:11:59]} Rc8
{[%clk 0:01:45]} 33. Rd1 {[%clk 0:10:57]} h6 {[%clk 0:01:52]} 34. Rd5
{[%clk 0:11:13]} Qb1+ {[%clk 0:00:49]} 35. Kh2 {[%clk 0:11:38]} Qxa2
{[%clk 0:01:00]} 36. Rxf5 {[%clk 0:11:59]} Qc2 {[%clk 0:00:48]} 37. Qe6
{[%clk 0:10:39]} Rg8 {[%clk 0:00:42]} 38. c6 {[%clk 0:10:40]} Qc3
{[%clk 0:00:36]} 39. Rf7 {[%clk 0:10:10]} e3 {[%clk 0:00:39]} 40. fxe3
{[%clk 0:40:21]} a5 {[%clk 0:30:39]} 41. c7 {[%clk 0:32:40]} a4 {[%clk 0:25:25]}
42. Re7 {[%clk 0:31:17]} Rf8 {[%clk 0:24:57]} 43. Qd7 {[%clk 0:29:58]} a3
{[%clk 0:23:28]} 44. Re8 {[%clk 0:28:47]} 1-0

[Event "World Chess Olympiad 2018"]
[Site "Batumi"]
[Date "2018.10.04"]
[Round "10"]
[Board "3"]
[WhiteFideId "300071"]
[White "Hracek Zbynek"]
[BlackFideId "2212943"]
[Black "Lopez Martinez Josep Manuel"]
[Result "1-0"]
[LiveChessVersion "1.4.8"]
[BlackElo "2581"]
[WhiteElo "2557"]

1. e4 {[%clk 1:30:58]} e5 {[%clk 1:30:49]} 2. Nf3 {[%clk 1:31:22]} Nc6
{[%clk 1:31:11]} 3. Bb5 {[%clk 1:31:27]} Nf6 {[%clk 1:31:25]} 4. O-O
{[%clk 1:31:24]} Nxe4 {[%clk 1:31:32]} 5. Re1 {[%clk 1:31:44]} Nd6
{[%clk 1:31:53]} 6. Nxe5 {[%clk 1:32:11]} Be7 {[%clk 1:32:08]} 7. Bf1
{[%clk 1:32:36]} Nxe5 {[%clk 1:32:18]} 8. Rxe5 {[%clk 1:33:04]} O-O
{[%clk 1:32:34]} 9. d4 {[%clk 1:33:22]} Bf6 {[%clk 1:32:42]} 10. Re1
{[%clk 1:33:48]} Re8 {[%clk 1:32:55]} 11. Bf4 {[%clk 1:32:23]} Rxe1
{[%clk 1:32:40]} 12. Qxe1 {[%clk 1:32:51]} Ne8 {[%clk 1:32:35]} 13. c3
{[%clk 1:32:36]} d5 {[%clk 1:32:32]} 14. Nd2 {[%clk 1:32:36]} g6 {[%clk 1:32:14]}
15. Qe3 {[%clk 1:30:39]} Ng7 {[%clk 1:31:36]} 16. Nf3 {[%clk 1:31:06]} c6
{[%clk 1:30:49]} 17. a4 {[%clk 1:31:22]} h5 {[%clk 1:26:25]} 18. a5
{[%clk 1:16:35]} a6 {[%clk 1:26:28]} 19. b4 {[%clk 1:15:15]} Nf5 {[%clk 1:19:16]}
20. Qd2 {[%clk 1:15:16]} Nd6 {[%clk 1:14:56]} 21. Re1 {[%clk 1:11:37]} Bf5
{[%clk 1:05:06]} 22. Be5 {[%clk 0:49:19]} Bg7 {[%clk 0:42:09]} 23. Qf4
{[%clk 0:27:17]} Ne8 {[%clk 0:41:28]} 24. Bxg7 {[%clk 0:26:39]} Kxg7
{[%clk 0:33:14]} 25. Nd2 {[%clk 0:17:14]} Qd6 {[%clk 0:29:38]} 26. Qxd6
{[%clk 0:12:02]} Nxd6 {[%clk 0:30:01]} 27. Nb3 {[%clk 0:12:28]} Re8
{[%clk 0:30:02]} 28. Rxe8 {[%clk 0:11:40]} Nxe8 {[%clk 0:30:25]} 29. h4
{[%clk 0:12:01]} Nd6 {[%clk 0:30:06]} 30. f3 {[%clk 0:12:19]} Bc8
{[%clk 0:30:01]} 31. Kf2 {[%clk 0:12:41]} f6 {[%clk 0:29:33]} 32. Nc5
{[%clk 0:11:57]} g5 {[%clk 0:22:07]} 33. g3 {[%clk 0:12:09]} Kf7 {[%clk 0:22:04]}
34. Bd3 {[%clk 0:12:29]} Kg7 {[%clk 0:22:17]} 35. Ke3 {[%clk 0:10:47]} Kf7
{[%clk 0:22:12]} 36. Kf2 {[%clk 0:06:11]} Kg7 {[%clk 0:21:55]} 37. Bf1
{[%clk 0:04:52]} Kf7 {[%clk 0:21:41]} 38. Bd3 {[%clk 0:04:17]} Kg7
{[%clk 0:21:57]} 39. Ke1 {[%clk 0:03:33]} Kf7 {[%clk 0:22:15]} 40. Kd1
{[%clk 0:32:36]} Kg7 {[%clk 0:52:03]} 41. Kd2 {[%clk 0:32:49]} Kf7
{[%clk 0:52:25]} 42. Ke3 {[%clk 0:33:10]} Kg7 {[%clk 0:50:55]} 43. f4
{[%clk 0:31:58]} Kh6 {[%clk 0:43:34]} 44. Kf2 {[%clk 0:31:41]} Ne8
{[%clk 0:36:05]} 45. c4 {[%clk 0:25:44]} gxf4 {[%clk 0:32:04]} 46. gxf4
{[%clk 0:26:08]} dxc4 {[%clk 0:18:59]} 47. Bxc4 {[%clk 0:26:28]} Nd6
{[%clk 0:19:15]} 48. Bd3 {[%clk 0:25:25]} Kg7 {[%clk 0:19:04]} 49. Ke3
{[%clk 0:18:39]} Kf7 {[%clk 0:18:50]} 50. Bc2 {[%clk 0:07:34]} Ke7
{[%clk 0:18:13]} 51. Bg6 {[%clk 0:07:03]} Bg4 {[%clk 0:17:59]} 52. Ne4
{[%clk 0:06:14]} Nxe4 {[%clk 0:16:30]} 53. Bxe4 {[%clk 0:05:51]} Kd6
{[%clk 0:16:16]} 54. Kd2 {[%clk 0:06:06]} Be6 {[%clk 0:13:46]} 55. Bf3
{[%clk 0:06:19]} Bf7 {[%clk 0:14:05]} 56. Kc3 {[%clk 0:06:04]} Be8
{[%clk 0:13:51]} 57. Be4 {[%clk 0:05:39]} Bd7 {[%clk 0:13:06]} 58. Bf3
{[%clk 0:04:19]} Be8 {[%clk 0:13:22]} 59. Be4 {[%clk 0:02:34]} Bd7
{[%clk 0:13:43]} 60. Bg6 {[%clk 0:02:51]} Bg4 {[%clk 0:14:02]} 61. Bf7
{[%clk 0:03:07]} Ke7 {[%clk 0:13:08]} 62. Bb3 {[%clk 0:02:27]} Kd6
{[%clk 0:13:12]} 63. Kd3 {[%clk 0:02:46]} Bf5+ {[%clk 0:12:14]} 64. Ke3
{[%clk 0:03:13]} Bg6 {[%clk 0:07:32]} 65. Bc4 {[%clk 0:03:13]} Bf5
{[%clk 0:06:35]} 66. Bb3 {[%clk 0:03:10]} Bg6 {[%clk 0:06:48]} 67. Bd1
{[%clk 0:03:11]} Kd5 {[%clk 0:06:43]} 68. f5 {[%clk 0:00:46]} Be8
{[%clk 0:06:01]} 69. Bb3+ {[%clk 0:01:11]} Kd6 {[%clk 0:05:15]} 70. Be6
{[%clk 0:01:40]} Kc7 {[%clk 0:05:00]} 71. Kd2 {[%clk 0:01:54]} Kd8
{[%clk 0:04:28]} 72. Kc3 {[%clk 0:02:19]} Bd7 {[%clk 0:03:41]} 73. Bf7
{[%clk 0:02:33]} Be8 {[%clk 0:03:39]} 74. Bg8 {[%clk 0:02:07]} Ke7
{[%clk 0:02:29]} 75. Kc4 {[%clk 0:02:18]} Kd6 {[%clk 0:02:44]} 76. Be6
{[%clk 0:02:07]} Bg6 {[%clk 0:00:47]} 77. Kd3 {[%clk 0:00:36]} Be8
{[%clk 0:01:03]} 78. Ke4 {[%clk 0:00:52]} Kc7 {[%clk 0:01:22]} 79. Kd3
{[%clk 0:00:46]} Kd6 {[%clk 0:01:39]} 80. Kc3 {[%clk 0:01:07]} Kc7
{[%clk 0:01:50]} 81. Bg8 {[%clk 0:01:16]} Kd6 {[%clk 0:01:04]} 82. Kc4
{[%clk 0:01:44]} Bd7 {[%clk 0:00:57]} 83. Bf7 {[%clk 0:01:55]} Bxf5
{[%clk 0:01:20]} 84. Bxh5 {[%clk 0:02:24]} Bb1 {[%clk 0:01:36]} 85. Be2
{[%clk 0:01:50]} f5 {[%clk 0:01:48]} 86. Bd3 {[%clk 0:01:01]} Ba2+
{[%clk 0:02:00]} 87. Kc3 {[%clk 0:01:31]} Ke6 {[%clk 0:02:13]} 88. Kd2
{[%clk 0:00:35]} f4 {[%clk 0:02:31]} 89. h5 {[%clk 0:00:49]} Kf6 {[%clk 0:02:51]}
90. h6 {[%clk 0:01:11]} Bf7 {[%clk 0:01:31]} 91. Ke1 {[%clk 0:01:10]} Bd5
{[%clk 0:01:39]} 92. Bf5 {[%clk 0:00:56]} Kf7 {[%clk 0:01:31]} 93. Kf2
{[%clk 0:01:00]} Kg8 {[%clk 0:01:47]} 94. Bc8 {[%clk 0:01:11]} c5
{[%clk 0:01:39]} 95. bxc5 {[%clk 0:01:18]} Kh7 {[%clk 0:02:08]} 96. Bg4
{[%clk 0:01:34]} Kxh6 {[%clk 0:01:14]} 97. Bf3 {[%clk 0:01:58]} Bc4
{[%clk 0:01:36]} 98. Bxb7 {[%clk 0:01:25]} Kg6 {[%clk 0:02:02]} 99. Kf3
{[%clk 0:00:42]} Kg5 {[%clk 0:02:25]} 100. d5 {[%clk 0:00:36]} Kf5
{[%clk 0:02:32]} 101. d6 {[%clk 0:01:01]} Be6 {[%clk 0:02:06]} 102. c6
{[%clk 0:00:54]} Bd5+ {[%clk 0:02:29]} 103. Kf2 {[%clk 0:01:22]} Ke6
{[%clk 0:02:17]} 104. d7 {[%clk 0:01:47]} Ke7 {[%clk 0:02:42]} 105. c7
{[%clk 0:02:12]} Kxd7 {[%clk 0:03:10]} 106. c8=Q+ {[%clk 0:02:33]} 1-0

[Event "World Chess Olympiad 2018"]
[Site "Batumi"]
[Date "2018.10.04"]
[Round "10"]
[Board "4"]
[WhiteFideId "2226332"]
[White "Ibarra Jerez Jose Carlos"]
[BlackFideId "14907526"]
[Black "Michalik Peter"]
[Result "0-1"]
[LiveChessVersion "1.4.8"]
[BlackElo "2556"]
[WhiteElo "2564"]

1. Nf3 {[%clk 1:30:47]} d5 {[%clk 1:30:36]} 2. g3 {[%clk 1:30:44]} g6
{[%clk 1:30:31]} 3. Bg2 {[%clk 1:30:20]} Bg7 {[%clk 1:30:54]} 4. d4
{[%clk 1:30:14]} Nf6 {[%clk 1:31:09]} 5. O-O {[%clk 1:28:02]} O-O
{[%clk 1:31:28]} 6. c4 {[%clk 1:28:02]} dxc4 {[%clk 1:31:20]} 7. Na3
{[%clk 1:28:06]} Na6 {[%clk 1:31:36]} 8. Nxc4 {[%clk 1:23:31]} c5
{[%clk 1:30:59]} 9. dxc5 {[%clk 1:10:06]} Be6 {[%clk 1:29:14]} 10. Nce5
{[%clk 1:01:04]} Nxc5 {[%clk 1:27:40]} 11. Be3 {[%clk 0:59:41]} Rc8
{[%clk 1:06:06]} 12. Rc1 {[%clk 0:38:55]} Qxd1 {[%clk 1:03:17]} 13. Rfxd1
{[%clk 0:38:41]} Na4 {[%clk 1:03:41]} 14. Bd4 {[%clk 0:33:52]} Ne4
{[%clk 0:46:18]} 15. Ne1 {[%clk 0:27:44]} f5 {[%clk 0:37:43]} 16. Bxe4
{[%clk 0:14:00]} fxe4 {[%clk 0:37:51]} 17. b3 {[%clk 0:14:06]} Rfd8
{[%clk 0:34:59]} 18. Rxc8 {[%clk 0:14:20]} Bxc8 {[%clk 0:35:22]} 19. Rc1
{[%clk 0:14:37]} Bh3 {[%clk 0:31:14]} 20. e3 {[%clk 0:14:48]} Nb6
{[%clk 0:31:30]} 21. f4 {[%clk 0:14:29]} Nd5 {[%clk 0:26:30]} 22. a3
{[%clk 0:12:12]} g5 {[%clk 0:22:17]} 23. Nc2 {[%clk 0:10:56]} Rc8
{[%clk 0:20:52]} 24. Bb2 {[%clk 0:10:13]} Bxe5 {[%clk 0:18:29]} 25. fxe5
{[%clk 0:10:38]} Rf8 {[%clk 0:18:50]} 26. Bd4 {[%clk 0:08:45]} a5
{[%clk 0:18:18]} 27. a4 {[%clk 0:06:19]} h5 {[%clk 0:17:54]} 28. Bb2
{[%clk 0:04:15]} Kh7 {[%clk 0:17:47]} 29. e6 {[%clk 0:02:45]} Kg6
{[%clk 0:17:18]} 30. Re1 {[%clk 0:02:02]} h4 {[%clk 0:16:22]} 31. Bc1
{[%clk 0:01:25]} Nf6 {[%clk 0:14:20]} 32. gxh4 {[%clk 0:00:36]} Ng4
{[%clk 0:14:39]} 33. Ba3 {[%clk 0:00:31]} Rf2 {[%clk 0:15:02]} 34. h5+
{[%clk 0:00:33]} Kxh5 {[%clk 0:15:26]} 0-1